Word Ladder: Well-Known Proverbs Quiz Stats

 Plays Quiz Updated Jul 5, 2014

Support Sporcle.
Go Orange.
Score 0/26 Timer 02:00
0 Plays Today
Clue 4-Letter Word % Correct
* ____ is Blind *LOVE
95.4%
Bird of peaceDOVE
94.1%
SolitaryLONE
91.9%
It connects two pointsLINE
91.7%
A very uninteresting personBORE
91.1%
Brought into lifeBORN
90.8%
Part in a play or movieROLE
90.8%
Ripped apartTORE
89.8%
* A Stitch in Time Saves ____ *NINE
88.1%
Nothing, zeroNONE
86.8%
A person from WarsawPOLE
86.8%
Set fire toBURN
86.4%
____ Grohl, Foo Fighters singerDAVE
84.8%
Clue 4-Letter Word % Correct
* All Roads Lead to ____ *ROME
82.7%
A symbol used in musicNOTE
82.5%
* All That Glitters is Not ____ *GOLD
81.9%
A political choice within a ballotVOTE
81.5%
Thick, heavy bookTOME
80.8%
At a low temperatureCOLD
80.8%
* One Good ____ Deserves Another *TURN
78.9%
Having a light shadePALE
78.2%
ValleyDALE
75.2%
Small rodentVOLE
69.2%
Cheryl ____, UK singerCOLE
65.7%
String or ropeCORD
63.1%
CenterCORE
62.6%

Today's Daily Dose

Missing Word
Food in Lyrics

Word Ladder
Bouquet

You're not logged in!

Compare scores with friends on all Sporcle quizzes.
OR
Log In

From the Vault

Answer the Previous Question

by RedOllie

Previously, on this quiz...
Remove Ads.
Support Sporcle.
Get the best of Sporcle when you Go Orange. This ad-free experience offers more features, more stats, and more fun while also helping to support Sporcle. Thank you for becoming a member.

Show Comments

Extras

Top Quizzes Today


Score Distribution

Your Account Isn't Verified!

In order to create a playlist on Sporcle, you need to verify the email address you used during registration. Go to your Sporcle Settings to finish the process.

Report this User

Report this user for behavior that violates our Community Guidelines.

Details: